đź“– 150 premiers mots "Demain j'arrĂŞte!" Legardinier - Statistiques

Statistiques générales
  • Ce quiz a Ă©tĂ© pris 26 fois
  • Le rĂ©sultat moyen est 89 sur 150
Statistiques - réponses
Mots % Correct
A
100%
Ă 
100%
"A
100%
D'
100%
d'
100%
de
100%
Eh
100%
j'
100%
s'
100%
se
100%
%
95%
19
95%
bien
95%
ce
95%
des
95%
en
95%
et
95%
Je
95%
le
95%
Le
95%
n'
95%
On
95%
on
95%
ou
95%
pour
95%
un
95%
ai
89%
au
89%
la
89%
La ...
89%
les
89%
Moi,
89%
ne
89%
pas
89%
qui
89%
an
84%
gens
84%
sont
84%
une
84%
Vous
84%
oui.
79%
plus
79%
ça
74%
cinq
74%
dans
74%
deux
74%
ils
74%
leur
74%
Mais
74%
mais
74%
nus.
74%
quand
74%
ses
74%
si.
74%
tard,
74%
trente-
74%
vie
74%
ans...
68%
ans,
68%
avez
68%
dit :
68%
trente-
68%
aux
63%
font
63%
moins
63%
étais
58%
personne
58%
déjà
47%
deux
47%
Trois
47%
trois
47%
divorce ?
42%
fĂŞte
42%
parfois
42%
ton
42%
grand
37%
habitude,
37%
Jérôme,
37%
divorces
26%
entend
26%
jeunes
26%
mariés
26%
mer."
26%
premiers
26%
rencontré
26%
renfort
26%
séparent,
26%
assisté
21%
mariages,
21%
mariages
21%
plutĂ´t
21%
vers
21%
troisième.
16%
amusent.
11%
célibataires --
11%
futurs
11%
quasi
11%
rues,
11%
accuse
5%
deuxième
5%
interpelle.
5%
joie
5%
klaxonner
5%
naufrage,
5%
présente
5%
proverbe
5%
roulent
5%
statistiques
5%
badauds
0%
bandes,
0%
clown
0%
confettis.
0%
cortège
0%
croise
0%
enterrer
0%
exhibent
0%
habillés
0%
lance
0%
mairie,
0%
samedi
0%
tambourins,
0%
ternes
0%
trompettes
0%
veille
0%
Aucun quiz correspondant
Distribution des résultats
% des personnes avec chaque résultat
Percentile par nombre de réponses
Votre historique - résultats
Vous n’avez pas pris ce quiz